Most expensive football transfers - Attacking Midfielders - Statistics

General Stats
  • This quiz has been taken 47 times
  • The average score is 9 of 10
Answer Stats
Fee (M €) Season Nationality Left Joined Player % Correct
103,00 2023-2024 England Borussia Dortmund Real Madrid Jude Bellingham
100%
80,00 2020-2021 Germany Bayer Leverkusen Chelsea Kai Havertz
98%
75,00 2023-2024 Germany Chelsea Arsenal Kai Havertz
98%
76,00 2015-2016 Belgium VfL Wolfsburg Manchester City Kevin De Bruyne
95%
135,00 2017-2018 Brazil Liverpool Barcelona Philippe Coutinho
95%
65,00 2019-2020 Portugal Sporting CP Manchester United Bruno Fernandes
93%
67,00 2009-2010 Brazil AC Milan Real Madrid Kaká
91%
75,00 2014-2015 Colombia Monaco Real Madrid James Rodríguez
89%
77,50 2001-2002 France Juventus Real Madrid Zinédine Zidane
86%
72,00 2018-2019 France Monaco Atlético Madrid Thomas Lemar
75%
No matching quizzes found
Score Distribution
Percent of People with Each Score
Percentile by Number Answered
Your Score History
You have not taken this quiz